[Event "Maastricht Limburg op-B 8th"]
[Site "Maastricht"]
[Date "2014.06.07"]
[Round "3"]
[White "Gendarme, Pierre"]
[Black "Rosenbrand, Stefan"]
[Result "1-0"]
[WhiteElo "1844"]
[BlackElo "1706"]
[PlyCount "35"]
[EventDate "2014.06.06"]
[EventType "swiss"]
[EventRounds "7"]
[EventCountry "NED"]
[SourceTitle "EXT 2015"]
[Source "ChessBase"]
[SourceDate "2014.11.20"]
[SourceVersion "1"]
[SourceVersionDate "2014.11.20"]
[SourceQuality "1"]

1. d4 d5 2. Bf4 Nf6 3. e3 c5 4. c3 cxd4 5. exd4 Nc6 6. Bd3 e6 7. Nf3 Bd6 8. Bg5 Bd7 9. Nbd2 h6 10. Bh4 0-0 11. 0-0 Rb8 12. Re1 b5 13. Ne5 Be7 14. Bg3 Rb7 15. Qe2 Qb6 16. Bc2 b4 17. Qd3 Qb5 18. Nxd7 1-0

[Event "Maastricht Limburg op-B 8th"]
[Site "Maastricht"]
[Date "2014.06.06"]
[Round "1"]
[White "Gendarme, Pierre"]
[Black "Dalemans, Diana"]
[Result "1/2-1/2"]
[WhiteElo "1844"]
[BlackElo "1965"]
[PlyCount "71"]
[EventDate "2014.06.06"]
[EventType "swiss"]
[EventRounds "7"]
[EventCountry "NED"]
[SourceTitle "EXT 2015"]
[Source "ChessBase"]
[SourceDate "2014.11.20"]
[SourceVersion "1"]
[SourceVersionDate "2014.11.20"]
[SourceQuality "1"]

1. d4 g6 2. e4 Bg7 3. Nc3 c5 4. Be3 cxd4 5. Bxd4 Nf6 6. Nd5 0-0 7. Nxf6+ exf6 8. Qf3 Nc6 9. Bc3 a6 10. a4 Re8 11. Bc4 Qe7 12. Bd5 f5 13. Bxg7 Kxg7 14. Qc3+ Qe5 15. Qxe5+ Nxe5 16. f3 fxe4 17. fxe4 Ng4 18. Ne2 Ne3 19. Kd2 Nxd5 20. exd5 d6 21. a5 Bf5 22. Nc3 Be4 23. Nxe4 Rxe4 24. c3 Rc8 25. b3 Rf4 26. Ke3 g5 27. c4 Re8+ 28. Kd3 Rf2 29. Rae1 Rxe1 30. Rxe1 Rxg2 31. b4 Rxh2 32. c5 Rh3+ 33. Kc4 Rh4+ 34. Kc3 Rh3+ 35. Kc4 Rh4+ 36. Kc3 1/2-1/2

[Event "Maastricht Limburg op-B 5th"]
[Site "Maastricht"]
[Date "2011.06.11"]
[Round "2"]
[White "Coenen, Bert"]
[Black "Gendarme, Pierre"]
[Result "0-1"]
[WhiteElo "1856"]
[BlackElo "1821"]
[PlyCount "94"]
[EventDate "2011.06.10"]
[EventType "swiss"]
[EventRounds "7"]
[EventCountry "NED"]
[SourceTitle "EXT 2012"]
[Source "ChessBase"]
[SourceDate "2011.11.24"]
[SourceVersion "1"]
[SourceVersionDate "2011.11.24"]
[SourceQuality "1"]

1. d4 e6 2. Nf3 d5 3. Bf4 Nf6 4. Nbd2 c5 5. e3 Nc6 6. c3 Be7 7. Bd3 Qb6 8. Rb1 Bd7 9. 0-0 Rc8 10. Ne5 0-0 11. Qf3 Nxe5 12. dxe5 Ne8 13. Qh5 g6 14. Qe2 Ng7 15. Nf3 Qc7 16. g4 Qd8 17. h3 Bc6 18. Rfd1 a6 19. Bg3 Rc7 20. Kh2 Rd7 21. Rg1 b5 22. a3 Kh8 23. h4 d4 24. exd4 Bxf3 25. Qxf3 cxd4 26. Be4 f5 27. gxf5 Nxf5 28. Bxf5 Bxh4 29. cxd4 Rxf5 30. Qe3 Rdf7 31. Rbf1 Rf3 32. Qh6 Bg5 33. Qh3 Qd5 34. Qg4 R7f5 35. Bh4 R3f4 36. Bxg5 Rxg4 37. Rxg4 Qf3 38. Bf6+ Kg8 39. Rg2 Rh5+ 40. Kg1 Qh3 41. f3 Kf7 42. Bh8 Ke8 43. Bf6 Kd7 44. Bg7 Rh4 45. f4 Qe3+ 46. Rff2 Rxf4 47. Bf6 Qe1+ 0-1

[Event "Maastricht Limburg op-B 4th"]
[Site "Maastricht"]
[Date "2010.05.23"]
[Round "5"]
[White "Ibrahim, Ashraf"]
[Black "Gendarme, Pierre"]
[Result "1/2-1/2"]
[WhiteElo "1819"]
[BlackElo "1760"]
[PlyCount "47"]
[EventDate "2010.05.21"]
[EventType "swiss"]
[EventRounds "7"]
[EventCountry "NED"]
[SourceTitle "EXT 2011"]
[Source "ChessBase"]
[SourceDate "2010.11.26"]
[SourceVersion "1"]
[SourceVersionDate "2010.11.26"]
[SourceQuality "1"]

1. d4 Nf6 2. c4 c5 3. d5 e5 4. Nc3 d6 5. e4 Nbd7 6. Bd3 Be7 7. f4 exf4 8. Bxf4 a6 9. Nf3 Nh5 10. Bd2 g6 11. 0-0 Bf6 12. Re1 Ne5 13. Nxe5 Bxe5 14. Qf3 0-0 15. h3 Qh4 16. Rf1 Bd7 17. Ne2 b5 18. Bc3 Qe7 19. b3 b4 20. Bxe5 Qxe5 21. g4 Qg5 22. Kh2 Qe5+ 23. Kg2 Qg5 24. Kh2 1/2-1/2

[Event "Maastricht Limburg op-B 4th"]
[Site "Maastricht"]
[Date "2010.05.21"]
[Round "1"]
[White "Gendarme, Pierre"]
[Black "Blijlevens, Pim"]
[Result "0-1"]
[WhiteElo "1760"]
[BlackElo "1908"]
[PlyCount "78"]
[EventDate "2010.05.21"]
[EventType "swiss"]
[EventRounds "7"]
[EventCountry "NED"]
[SourceTitle "EXT 2011"]
[Source "ChessBase"]
[SourceDate "2010.11.26"]
[SourceVersion "1"]
[SourceVersionDate "2010.11.26"]
[SourceQuality "1"]

1. e4 c6 2. d4 d5 3. e5 c5 4. c3 e6 5. Nf3 Nc6 6. a3 f6 7. Bd3 c4 8. Bc2 Qc7 9. Bf4 fxe5 10. Nxe5 Nxe5 11. Bxe5 Qf7 12. Nd2 Nh6 13. Nf3 Be7 14. Bg3 0-0 15. h4 Qh5 16. Ng5 Qxd1+ 17. Rxd1 Nf5 18. Be5 h6 19. Nf3 Bd7 20. Ke2 a5 21. g4 Nd6 22. Bg6 Nf7 23. Rdg1 Nxe5 24. Nxe5 Be8 25. h5 Bd6 26. Nf3 Bxg6 27. hxg6 Bf4 28. g5 Ra6 29. gxh6 gxh6 30. Ne5 Bxe5 31. dxe5 Kg7 32. Ke3 Rb6 33. Rg3 Rxb2 34. Rgh3 Rc2 35. Kd4 b6 36. Rxh6 Rf4+ 37. Ke3 Re4+ 38. Kf3 Rxc3+ 39. Kg2 Rg4+ 0-1